| 000 | 00543njm a22002297a 4500 | ||
|---|---|---|---|
| 001 | 5693353 | ||
| 005 | 20180109073616.0 | ||
| 007 | sdubsmennmplu | ||
| 008 | 931025s1972 nyuuun eng | ||
| 010 | _a 93728343 | ||
| 028 | 0 | 0 |
_aKE 32146 _bEpic |
| 040 |
_aDLC _cDLC |
||
| 041 | _aeng | ||
| 080 | _a574 MAR | ||
| 082 | _2574 MAR | ||
| 100 | _a9 | ||
| 101 | _aMJE | ||
| 245 | 0 | 0 | _aBearfoot |
| 511 | 0 | _aPerformed by Bearfoot. | |
| 906 |
_a7 _bcbc _corignew _d5 _encip _f19 _gy-genmusic |
||
| 942 |
_2ddc _cBK |
||
| 999 |
_c39915 _d39915 |
||